[Event "Cannes - Festival International des Jeux"]
[Date "2026.02.26"]
[White "Shukhman, Anna"]
[Black "Bogdanov, Egor"]
[WhiteElo "2431"]
[BlackElo "2502"]
[Round "6.6.1"]
[Result "1-0"]

e4 {[%emt 00:00:02] [%clk 01:30:56]} e6 {[%emt 00:00:07] [%clk 01:30:53]} d4
{[%emt 00:00:07] [%clk 01:31:19]} d5 {[%emt 00:00:05] [%clk 01:31:18]} Nc3
{[%emt 00:00:04] [%clk 01:31:45]} Nf6 {[%emt 00:00:18] [%clk 01:31:30]} e5
{[%emt 00:00:02] [%clk 01:32:13]} Nfd7 {[%emt 00:00:07] [%clk 01:31:53]} f4
{[%emt 00:00:02] [%clk 01:32:40]} c5 {[%emt 00:00:14] [%clk 01:32:09]} Nf3
{[%emt 00:00:03] [%clk 01:33:07]} Nc6 {[%emt 00:00:17] [%clk 01:32:22]} Be3
{[%emt 00:00:40] [%clk 01:32:56]} Rb8 {[%emt 00:00:04] [%clk 01:32:48]} Qd2
{[%emt 00:00:39] [%clk 01:32:47]} Qa5 {[%emt 00:00:38] [%clk 01:32:40]} Be2
{[%emt 00:00:26] [%clk 01:32:51]} b5 {[%emt 00:01:04] [%clk 01:32:07]} a4 {[%emt
00:00:11] [%clk 01:33:10]} b4 {[%emt 00:00:24] [%clk 01:32:13]} Nb5 {[%emt
00:00:03] [%clk 01:33:37]} c4 {[%emt 00:01:47] [%clk 01:30:56]} O-O {[%emt
00:00:07] [%clk 01:33:59]} a6 {[%emt 00:09:42] [%clk 01:21:45]} Nd6+ {[%emt
00:00:05] [%clk 01:34:24]} Bxd6 {[%emt 00:00:07] [%clk 01:22:08]} exd6 {[%emt
00:00:02] [%clk 01:34:51]} f5 {[%emt 00:00:15] [%clk 01:22:22]} Ne5 {[%emt
00:07:46] [%clk 01:27:36]} Nd8 {[%emt 00:05:00] [%clk 01:17:52]} b3 {[%emt
00:03:39] [%clk 01:24:27]} c3 {[%emt 00:06:02] [%clk 01:12:20]} Qe1 {[%emt
00:00:06] [%clk 01:24:50]} Nf6 {[%emt 00:10:59] [%clk 01:01:52]} Qh4 {[%emt
00:07:11] [%clk 01:18:09]} O-O {[%emt 00:02:04] [%clk 01:00:18]} g4 {[%emt
00:04:05] [%clk 01:14:34]} Rb7 {[%emt 00:05:50] [%clk 00:54:58]} g5 {[%emt
00:10:39] [%clk 01:04:25]} Ne4 {[%emt 00:00:18] [%clk 00:55:09]} Rf3 {[%emt
00:00:13] [%clk 01:04:42]} g6 {[%emt 00:02:05] [%clk 00:53:34]} d7 {[%emt
00:15:08] [%clk 00:50:04]} Rxd7 {[%emt 00:19:05] [%clk 00:34:59]} Nxd7 {[%emt
00:00:38] [%clk 00:49:56]} Bxd7 {[%emt 00:00:02] [%clk 00:35:28]} Kh1 {[%emt
00:04:15] [%clk 00:46:10]} Rf7 {[%emt 00:06:59] [%clk 00:28:59]} Rg1 {[%emt
00:01:57] [%clk 00:44:44]} Qb6 {[%emt 00:04:21] [%clk 00:25:08]} Qe1 {[%emt
00:03:31] [%clk 00:41:42]} e5 {[%emt 00:05:16] [%clk 00:20:22]} fxe5 {[%emt
00:11:17] [%clk 00:30:55]} Ne6 {[%emt 00:00:38] [%clk 00:20:14]} Qf1 {[%emt
00:01:09] [%clk 00:30:16]} f4 {[%emt 00:05:06] [%clk 00:15:38]} Bxf4 {[%emt
00:01:53] [%clk 00:28:53]} Qxd4 {[%emt 00:08:37] [%clk 00:07:31]} Be3 {[%emt
00:02:04] [%clk 00:27:20]} Rxf3 {[%emt 00:00:01] [%clk 00:08:00]} Qxf3 {[%emt
00:00:34] [%clk 00:27:16]} Qxe5 {[%emt 00:00:02] [%clk 00:08:29]} Rf1 {[%emt
00:02:58] [%clk 00:24:47]} Nd6 {[%emt 00:00:41] [%clk 00:08:18]} Bxa6 {[%emt
00:05:55] [%clk 00:19:23]} d4 {[%emt 00:04:25] [%clk 00:04:23]} Bf4 {[%emt
00:03:30] [%clk 00:16:22]} Nxf4 {[%emt 00:01:29] [%clk 00:03:24]} Qxf4 {[%emt
00:00:04] [%clk 00:16:49]} Qe7 {[%emt 00:00:37] [%clk 00:03:17]} Be2 {[%emt
00:04:32] [%clk 00:12:47]} Bf5 {[%emt 00:00:50] [%clk 00:02:57]} Bf3 {[%emt
00:00:48] [%clk 00:12:29]} h6 {[%emt 00:00:33] [%clk 00:02:54]} Qxd4 {[%emt
00:01:02] [%clk 00:11:57]} Bxc2 {[%emt 00:00:39] [%clk 00:02:46]} Qxb4 {[%emt
00:01:22] [%clk 00:11:05]} Bd3 {[%emt 00:00:44] [%clk 00:02:32]} Bd5+ {[%emt
00:02:57] [%clk 00:08:38]} Kh7 {[%emt 00:00:31] [%clk 00:02:31]} Rf7+ {[%emt
00:00:09] [%clk 00:08:58]} Qxf7 {[%emt 00:00:10] [%clk 00:02:52]} Bxf7 {[%emt
00:00:03] [%clk 00:09:25]} c2 {[%emt 00:00:23] [%clk 00:03:00]} Qc3 {[%emt
00:00:03] [%clk 00:09:52]} Nxf7 {[%emt 00:00:42] [%clk 00:02:48]} Kg2 {[%emt
00:04:11] [%clk 00:06:11]} hxg5 {[%emt 00:01:51] [%clk 00:01:27]} Kf2 {[%emt
00:01:13] [%clk 00:05:28]} g4 {[%emt 00:03:02] [%clk 00:29:25]} Ke3 {[%emt
00:00:16] [%clk 00:36:42]} Bf5 {[%emt 00:00:38] [%clk 00:29:17]} Kd2 {[%emt
00:01:29] [%clk 00:35:43]} Ng5 {[%emt 00:00:47] [%clk 00:29:00]} Kc1 {[%emt
00:00:24] [%clk 00:35:48]} Nh3 {[%emt 00:01:47] [%clk 00:27:43]} a5 {[%emt
00:03:51] [%clk 00:32:28]} Be4 {[%emt 00:02:18] [%clk 00:25:55]} Qe3 {[%emt
00:00:18] [%clk 00:32:39]} Bf3 {[%emt 00:02:09] [%clk 00:24:16]} Kxc2 {[%emt
00:00:10] [%clk 00:32:59]} g5 {[%emt 00:00:17] [%clk 00:24:29]} a6 {[%emt
00:00:11] [%clk 00:33:19]} Kg6 {[%emt 00:00:40] [%clk 00:24:19]} a7 {[%emt
00:00:08] [%clk 00:33:41]} Kf5 {[%emt 00:00:43] [%clk 00:24:05]} Qe8 {[%emt
00:00:10] [%clk 00:34:01]} g3 {[%emt 00:00:36] [%clk 00:23:59]} hxg3 {[%emt
00:00:07] [%clk 00:34:23]}

[Site "Europe Echecs"]

[Event "Cannes - Festival International des Jeux"]
[Date "2026.02.26"]
[White "Laurent-Paoli, Pierre"]
[Black "Srihari L"]
[WhiteElo "2539"]
[BlackElo "2358"]
[Round "6.6.2"]
[Result "1-0"]

d4 {[%emt 00:05:32] [%clk 01:25:28]} Nf6 {[%emt 00:00:06] [%clk 01:30:54]} c4
{[%emt 00:00:14] [%clk 01:25:44]} g6 {[%emt 00:00:05] [%clk 01:31:19]} Nc3
{[%emt 00:00:26] [%clk 01:25:48]} Bg7 {[%emt 00:00:05] [%clk 01:31:44]} e4
{[%emt 00:00:12] [%clk 01:26:06]} d6 {[%emt 00:00:05] [%clk 01:32:09]} Be2
{[%emt 00:02:05] [%clk 01:24:32]} O-O {[%emt 00:00:09] [%clk 01:32:30]} h3
{[%emt 00:00:09] [%clk 01:24:53]} e5 {[%emt 00:04:32] [%clk 01:28:28]} d5 {[%emt
00:00:05] [%clk 01:25:18]} Na6 {[%emt 00:03:11] [%clk 01:25:48]} Be3 {[%emt
00:01:48] [%clk 01:23:59]} Kh8 {[%emt 00:05:45] [%clk 01:20:34]} g4 {[%emt
00:07:16] [%clk 01:17:13]} Ng8 {[%emt 00:04:03] [%clk 01:17:01]} Nf3 {[%emt
00:24:09] [%clk 00:53:33]} f5 {[%emt 00:02:33] [%clk 01:14:59]} gxf5 {[%emt
00:00:25] [%clk 00:53:39]} gxf5 {[%emt 00:00:08] [%clk 01:15:20]} exf5 {[%emt
00:00:06] [%clk 00:54:03]} Bxf5 {[%emt 00:01:19] [%clk 01:14:31]} Ng5 {[%emt
00:01:54] [%clk 00:52:38]} Nc5 {[%emt 00:06:14] [%clk 01:08:47]} h4 {[%emt
00:24:26] [%clk 00:28:43]} e4 {[%emt 00:09:20] [%clk 00:59:57]} Qd2 {[%emt
00:01:41] [%clk 00:27:31]} Qe7 {[%emt 00:09:23] [%clk 00:51:04]} O-O-O {[%emt
00:01:26] [%clk 00:26:34]} a6 {[%emt 00:00:53] [%clk 00:50:42]} Bd4 {[%emt
00:03:44] [%clk 00:23:19]} b5 {[%emt 00:07:21] [%clk 00:43:51]} Rhg1 {[%emt
00:03:20] [%clk 00:20:29]} Bxd4 {[%emt 00:08:47] [%clk 00:35:34]} Qxd4+ {[%emt
00:00:05] [%clk 00:20:54]} Nf6 {[%emt 00:00:01] [%clk 00:36:03]} b4 {[%emt
00:09:45] [%clk 00:11:40]} Ncd7 {[%emt 00:00:54] [%clk 00:35:38]} cxb5 {[%emt
00:00:08] [%clk 00:12:02]} axb5 {[%emt 00:00:26] [%clk 00:35:41]} Bxb5 {[%emt
00:00:05] [%clk 00:12:28]} Ne5 {[%emt 00:02:49] [%clk 00:33:22]} Rge1 {[%emt
00:03:29] [%clk 00:09:29]} h6 {[%emt 00:04:05] [%clk 00:29:47]} f4 {[%emt
00:00:16] [%clk 00:09:43]} exf3 {[%emt 00:00:38] [%clk 00:29:39]} Nxf3 {[%emt
00:00:41] [%clk 00:09:32]} Nfg4 {[%emt 00:02:37] [%clk 00:27:32]} Kb2 {[%emt
00:02:08] [%clk 00:07:55]} Qf6 {[%emt 00:03:33] [%clk 00:24:29]} Nxe5 {[%emt
00:00:04] [%clk 00:08:21]} dxe5 {[%emt 00:00:05] [%clk 00:24:55]} Qc5 {[%emt
00:00:22] [%clk 00:08:28]} Qxh4 {[%emt 00:00:50] [%clk 00:24:35]} a4 {[%emt
00:01:32] [%clk 00:07:27]} Nf2 {[%emt 00:01:25] [%clk 00:23:39]} Rd2 {[%emt
00:06:29] [%clk 00:01:28]} Nd3+ {[%emt 00:00:58] [%clk 00:23:11]} Bxd3 {[%emt
00:00:04] [%clk 00:01:54]} Qxe1 {[%emt 00:00:05] [%clk 00:23:35]} Rf2 {[%emt
00:00:34] [%clk 00:01:51]} Bxd3 {[%emt 00:06:48] [%clk 00:17:17]} Rxf8+ {[%emt
00:00:01] [%clk 00:02:20]} Rxf8 {[%emt 00:00:02] [%clk 00:17:45]} Qxf8+ {[%emt
00:00:06] [%clk 00:02:44]} Kh7 {[%emt 00:00:09] [%clk 00:18:06]} Qf7+ {[%emt
00:00:04] [%clk 00:03:10]} Kh8 {[%emt 00:00:06] [%clk 00:18:30]} Qf8+ {[%emt
00:01:08] [%clk 00:02:33]} Kh7 {[%emt 00:00:02] [%clk 00:18:58]} Qf7+ {[%emt
00:00:03] [%clk 00:03:00]} Kh8 {[%emt 00:00:19] [%clk 00:19:08]} Kb3 {[%emt
00:00:21] [%clk 00:03:09]} Qd2 {[%emt 00:02:52] [%clk 00:16:46]} Qf8+ {[%emt
00:00:08] [%clk 00:03:31]} Kh7 {[%emt 00:00:02] [%clk 00:17:14]} Qf7+ {[%emt
00:00:08] [%clk 00:03:53]} Kh8 {[%emt 00:00:02] [%clk 00:17:42]} Qe8+ {[%emt
00:05:49] [%clk 00:29:04]} Kh7 {[%emt 00:00:03] [%clk 00:48:39]} Qe7+ {[%emt
00:03:49] [%clk 00:25:44]} Kg6 {[%emt 00:00:18] [%clk 00:48:52]} Qe6+ {[%emt
00:00:25] [%clk 00:25:49]} Kh7 {[%emt 00:00:12] [%clk 00:49:09]} Qd7+ {[%emt
00:02:00] [%clk 00:24:20]} Kg6 {[%emt 00:00:07] [%clk 00:49:31]} Qc6+ {[%emt
00:00:51] [%clk 00:24:00]} Kg5 {[%emt 00:01:06] [%clk 00:48:54]} b5 {[%emt
00:00:30] [%clk 00:24:01]} e4 {[%emt 00:07:26] [%clk 00:41:59]} Qxc7 {[%emt
00:05:12] [%clk 00:19:19]} e3 {[%emt 00:00:08] [%clk 00:42:21]} d6 {[%emt
00:02:57] [%clk 00:16:52]} Bf5 {[%emt 00:02:54] [%clk 00:39:57]} Qc5 {[%emt
00:10:03] [%clk 00:07:19]} Kg6 {[%emt 00:03:59] [%clk 00:36:28]} Qe5 {[%emt
00:02:53] [%clk 00:04:56]} Bg4 {[%emt 00:04:40] [%clk 00:32:17]} Qe8+ {[%emt
00:04:25] [%clk 00:01:02]} Kg7 {[%emt 00:03:07] [%clk 00:29:40]} Qe5+ {[%emt
00:00:08] [%clk 00:01:24]} Kg6 {[%emt 00:00:13] [%clk 00:29:58]} Qe4+ {[%emt
00:00:48] [%clk 00:01:06]} Bf5 {[%emt 00:03:38] [%clk 00:26:49]} Qe8+ {[%emt
00:00:14] [%clk 00:01:22]} Kf6 {[%emt 00:00:32] [%clk 00:26:47]} Qe7+ {[%emt
00:00:56] [%clk 00:00:56]} Kg6 {[%emt 00:00:01] [%clk 00:27:16]} Qe8+ {[%emt
00:00:04] [%clk 00:01:22]} Kf6 {[%emt 00:00:17] [%clk 00:27:29]} Qe7+ {[%emt
00:00:18] [%clk 00:01:34]} Kg6 {[%emt 00:00:03] [%clk 00:27:56]} Qe5 {[%emt
00:00:50] [%clk 00:01:14]} Bg4 {[%emt 00:01:35] [%clk 00:26:51]} Nd5 {[%emt
00:01:04] [%clk 00:00:40]} Qd1+ {[%emt 00:07:45] [%clk 00:19:36]} Kb4 {[%emt
00:00:22] [%clk 00:00:48]} e2 {[%emt 00:00:46] [%clk 00:19:20]} Nf4+ {[%emt
00:00:36] [%clk 00:00:41]} Kf7 {[%emt 00:00:59] [%clk 00:18:49]} Qe7+ {[%emt
00:00:03] [%clk 00:01:09]} Kg8 {[%emt 00:00:04] [%clk 00:19:15]} Qe8+ {[%emt
00:00:03] [%clk 00:01:37]} Kg7 {[%emt 00:00:10] [%clk 00:19:34]} Qe7+ {[%emt
00:00:05] [%clk 00:02:02]} Kg8 {[%emt 00:00:05] [%clk 00:19:58]} Nxe2 {[%emt
00:01:06] [%clk 00:01:28]} Bxe2 {[%emt 00:00:21] [%clk 00:20:07]} Qe8+ {[%emt
00:01:09] [%clk 00:00:49]} Kg7 {[%emt 00:00:12] [%clk 00:20:25]} Qe7+ {[%emt
00:00:06] [%clk 00:01:13]} Kg8 {[%emt 00:00:40] [%clk 00:20:14]} Qe6+ {[%emt
00:00:58] [%clk 00:00:45]} Kg7 {[%emt 00:00:24] [%clk 00:20:20]} Qe5+ {[%emt
00:00:08] [%clk 00:01:08]} Kh7 {[%emt 00:04:42] [%clk 00:16:07]} d7 {[%emt
00:00:19] [%clk 00:01:20]} Qxd7 {[%emt 00:01:37] [%clk 00:15:00]} Qxe2 {[%emt
00:00:21] [%clk 00:01:29]} Qd6+ {[%emt 00:01:25] [%clk 00:14:05]} Kb3 {[%emt
00:00:15] [%clk 00:01:43]} Qd5+ {[%emt 00:00:32] [%clk 00:14:03]} Qc4 {[%emt
00:00:15] [%clk 00:01:59]} Qf3+ {[%emt 00:00:04] [%clk 00:14:28]} Kb4 {[%emt
00:01:05] [%clk 00:01:24]} h5 {[%emt 00:00:06] [%clk 00:14:52]} Qc7+ {[%emt
00:00:57] [%clk 00:00:57]}

[Site "Europe Echecs"]

[Event "Cannes - Festival International des Jeux"]
[Date "2026.02.26"]
[White "Noir, Mathys"]
[Black "Ratier-Fontana, Matteo"]
[WhiteElo "2045"]
[BlackElo "2189"]
[Round "6.6.5"]
[Result "1/2-1/2"]

d4 {[%emt 00:00:04] [%clk 01:30:54]} Nf6 {[%emt 00:15:35] [%clk 01:15:25]} c4
{[%emt 00:00:17] [%clk 01:31:08]} b6 {[%emt 00:02:53] [%clk 01:13:01]} Nc3
{[%emt 00:00:55] [%clk 01:30:43]} Bb7 {[%emt 00:00:28] [%clk 01:13:03]} Nf3
{[%emt 00:01:28] [%clk 01:29:45]} Ne4 {[%emt 00:01:37] [%clk 01:11:56]} Qc2
{[%emt 00:04:05] [%clk 01:26:10]} Nxc3 {[%emt 00:01:11] [%clk 01:11:15]} bxc3
{[%emt 00:01:40] [%clk 01:25:00]} e6 {[%emt 00:01:35] [%clk 01:10:10]} e4 {[%emt
00:01:10] [%clk 01:24:21]} Be7 {[%emt 00:01:15] [%clk 01:09:25]} Bd3 {[%emt
00:00:34] [%clk 01:24:17]} d6 {[%emt 00:00:25] [%clk 01:09:30]} O-O {[%emt
00:02:01] [%clk 01:22:46]} Nd7 {[%emt 00:00:05] [%clk 01:09:54]} Be3 {[%emt
00:05:56] [%clk 01:17:21]} c5 {[%emt 00:09:18] [%clk 01:01:06]} Nd2 {[%emt
00:01:23] [%clk 01:16:27]} e5 {[%emt 00:01:30] [%clk 01:00:07]} f4 {[%emt
00:02:46] [%clk 01:14:11]} O-O {[%emt 00:04:06] [%clk 00:56:30]} Nf3 {[%emt
00:03:01] [%clk 01:11:41]} Qc7 {[%emt 00:06:18] [%clk 00:50:42]}

[Site "Europe Echecs"]

[Event "Cannes - Festival International des Jeux"]
[Date "2026.02.26"]
[White "Materia, Marco"]
[Black "Charmeteau, Sven"]
[WhiteElo "2497"]
[BlackElo "2397"]
[Round "6.6.6"]
[Result "1/2-1/2"]

d4 {[%emt 01:51:43]} Nf6 {[%emt 00:00:59]} c4 {[%emt 00:00:04]} g6 {[%emt
00:00:04]} Nc3 {[%emt 00:00:03]} d5 {[%emt 00:00:06]} cxd5 {[%emt 00:00:03]}
Nxd5 {[%emt 00:00:05]} e4 {[%emt 00:00:04]} Nxc3 {[%emt 00:00:07]} bxc3 {[%emt
00:00:02]} Bg7 {[%emt 00:00:10]} Bc4 {[%emt 00:00:04]} c5 {[%emt 00:00:09]} Ne2
{[%emt 00:00:04]} Nc6 {[%emt 00:00:55]} Be3 {[%emt 00:00:03]} O-O {[%emt
00:00:48]} Rc1 {[%emt 00:00:03]} cxd4 {[%emt 00:02:03]} cxd4 {[%emt 00:00:02]}
Qa5+ {[%emt 00:00:27]} Rc3 {[%emt 00:00:02]} Bg4 {[%emt 00:02:18]} f3 {[%emt
00:00:56]} Rad8 {[%emt 00:02:22]} Qd2 {[%emt 00:00:16]} Be6 {[%emt 00:01:10]}
Bxe6 {[%emt 00:00:06]} fxe6 {[%emt 00:00:05]} Rd3 {[%emt 00:00:06]} Qa6 {[%emt
00:06:00]} O-O {[%emt 00:00:06]} Ne5 {[%emt 00:00:38]} Rb3 {[%emt 00:00:04]} Nc4
{[%emt 00:00:19]} Qd3 {[%emt 00:00:04]} Nxe3 {[%emt 00:00:19]} Qxe3 {[%emt
00:00:02]} e5 {[%emt 00:17:56]} d5 {[%emt 00:13:54]} Rc8 {[%emt 00:00:57]} Rb2
{[%emt 00:07:17]} Rc4 {[%emt 00:07:34]} Rc1 {[%emt 00:10:44]} b5 {[%emt
00:20:05]} h4 {[%emt 00:07:08]} Rfc8 {[%emt 00:01:58]} Rd1 {[%emt 00:05:14]} h5
{[%emt 00:05:46]} Rd3 {[%emt 00:27:50]}

[Site "Europe Echecs"]

[Event "Cannes - Festival International des Jeux"]
[Date "2026.02.27"]
[White "Larkin, Vladyslav"]
[Black "Laurent-Paoli, Pierre"]
[WhiteElo "2478"]
[BlackElo "2539"]
[Round "7.7.1"]
[Result "1-0"]

c4 {[%emt 00:00:02] [%clk 01:30:57]} e5 {[%emt 00:09:12] [%clk 01:21:48]} Nc3
{[%emt 00:00:11] [%clk 01:31:16]} Bb4 {[%emt 00:00:55] [%clk 01:21:23]} Nd5
{[%emt 00:00:43] [%clk 01:31:03]} Be7 {[%emt 00:00:19] [%clk 01:21:45]} Nf3
{[%emt 00:00:20] [%clk 01:31:02]} d6 {[%emt 00:00:06] [%clk 01:22:10]} d4 {[%emt
00:00:57] [%clk 01:30:35]} Nf6 {[%emt 00:00:07] [%clk 01:22:32]} Nc3 {[%emt
00:26:09] [%clk 01:04:55]} exd4 {[%emt 00:03:35] [%clk 01:19:29]} Qxd4 {[%emt
00:01:26] [%clk 01:04:00]} Nc6 {[%emt 00:01:09] [%clk 01:18:50]} Qd2 {[%emt
00:00:06] [%clk 01:04:23]} O-O {[%emt 00:08:58] [%clk 01:10:22]} e3 {[%emt
00:00:31] [%clk 01:04:23]} Be6 {[%emt 00:07:43] [%clk 01:03:08]} Nd5 {[%emt
00:05:29] [%clk 00:59:24]} Ne5 {[%emt 00:14:45] [%clk 00:48:53]} Be2 {[%emt
00:01:37] [%clk 00:58:17]} Nxd5 {[%emt 00:05:15] [%clk 00:44:08]} cxd5 {[%emt
00:00:49] [%clk 00:57:57]} Bf5 {[%emt 00:00:14] [%clk 00:44:23]} O-O {[%emt
00:04:20] [%clk 00:54:08]} Bf6 {[%emt 00:03:41] [%clk 00:41:12]} Nd4 {[%emt
00:00:46] [%clk 00:53:52]} Be4 {[%emt 00:04:03] [%clk 00:37:39]} Nb5 {[%emt
00:00:07] [%clk 00:54:16]} Re8 {[%emt 00:06:45] [%clk 00:31:23]} Nc3 {[%emt
00:03:00] [%clk 00:51:45]} Bf5 {[%emt 00:03:33] [%clk 00:28:20]} b3 {[%emt
00:10:20] [%clk 00:41:55]} c5 {[%emt 00:02:50] [%clk 00:26:00]} dxc6 {[%emt
00:16:14] [%clk 00:26:11]} bxc6 {[%emt 00:01:45] [%clk 00:24:45]} Bb2 {[%emt
00:00:04] [%clk 00:26:37]} d5 {[%emt 00:00:14] [%clk 00:25:01]} Rac1 {[%emt
00:01:00] [%clk 00:26:07]} h5 {[%emt 00:02:14] [%clk 00:23:16]} Na4 {[%emt
00:01:19] [%clk 00:25:18]} h4 {[%emt 00:00:19] [%clk 00:23:26]} h3 {[%emt
00:08:36] [%clk 00:17:12]} Qc8 {[%emt 00:05:22] [%clk 00:18:34]} Kh2 {[%emt
00:00:52] [%clk 00:16:49]} Qb8 {[%emt 00:04:39] [%clk 00:14:25]} f4 {[%emt
00:00:42] [%clk 00:16:37]} Nd7 {[%emt 00:00:14] [%clk 00:14:41]} Rxc6 {[%emt
00:00:17] [%clk 00:16:50]} Bxb2 {[%emt 00:01:11] [%clk 00:14:00]} Nxb2 {[%emt
00:00:06] [%clk 00:17:15]} Nf6 {[%emt 00:01:13] [%clk 00:13:17]} Bf3 {[%emt
00:04:24] [%clk 00:13:20]} Be4 {[%emt 00:01:57] [%clk 00:11:50]} Bxe4 {[%emt
00:01:28] [%clk 00:12:22]} Rxe4 {[%emt 00:00:37] [%clk 00:11:43]} Rfc1 {[%emt
00:00:57] [%clk 00:11:55]} d4 {[%emt 00:02:42] [%clk 00:09:32]} exd4 {[%emt
00:01:09] [%clk 00:11:16]} Nd5 {[%emt 00:04:10] [%clk 00:05:52]} Nd3 {[%emt
00:03:12] [%clk 00:08:34]} Qe8 {[%emt 00:02:12] [%clk 00:04:10]} Qf2 {[%emt
00:02:25] [%clk 00:06:39]} Rd8 {[%emt 00:02:04] [%clk 00:02:37]} Qxh4 {[%emt
00:00:50] [%clk 00:06:18]} f6 {[%emt 00:00:27] [%clk 00:02:40]} Qg4 {[%emt
00:03:02] [%clk 00:03:46]} Ne3 {[%emt 00:00:51] [%clk 00:02:19]} Qf3 {[%emt
00:00:13] [%clk 00:04:03]} Rexd4 {[%emt 00:00:33] [%clk 00:02:17]} Nc5 {[%emt
00:00:52] [%clk 00:03:41]} Rd2 {[%emt 00:00:25] [%clk 00:02:21]} Re6 {[%emt
00:00:04] [%clk 00:04:07]} Rxg2+ {[%emt 00:02:06] [%clk 00:00:45]} Qxg2 {[%emt
00:00:04] [%clk 00:04:33]} Nxg2 {[%emt 00:00:03] [%clk 00:01:12]} Rxe8+ {[%emt
00:00:04] [%clk 00:04:59]} Rxe8 {[%emt 00:00:02] [%clk 00:01:39]} Kxg2 {[%emt
00:00:04] [%clk 00:05:24]} Re2+ {[%emt 00:00:02] [%clk 00:02:08]} Kf3 {[%emt
00:00:07] [%clk 00:05:48]} Rxa2 {[%emt 00:00:02] [%clk 00:02:36]} f5 {[%emt
00:00:12] [%clk 00:06:05]} Kh7 {[%emt 00:00:11] [%clk 00:02:56]} Ne6 {[%emt
00:00:43] [%clk 00:05:52]} Rb2 {[%emt 00:00:33] [%clk 00:02:52]} Rc7 {[%emt
00:00:37] [%clk 00:05:45]} Rxb3+ {[%emt 00:00:04] [%clk 00:03:18]} Kg4 {[%emt
00:00:06] [%clk 00:06:09]} Kh6 {[%emt 00:00:34] [%clk 00:03:15]} Rxa7 {[%emt
00:02:06] [%clk 00:04:33]} Rb1 {[%emt 00:00:55] [%clk 00:02:50]} Ra3 {[%emt
00:00:52] [%clk 00:04:10]} Rg1+ {[%emt 00:00:26] [%clk 00:02:54]} Rg3 {[%emt
00:00:06] [%clk 00:04:35]} Rf1 {[%emt 00:00:04] [%clk 00:03:20]} Nf4 {[%emt
00:00:12] [%clk 00:04:52]} Ra1 {[%emt 00:01:15] [%clk 00:02:35]} Kh4 {[%emt
00:00:50] [%clk 00:04:32]} Rf1 {[%emt 00:00:26] [%clk 00:02:38]} Ne6 {[%emt
00:02:28] [%clk 00:02:35]} Rxf5 {[%emt 00:01:46] [%clk 00:01:22]} Rxg7 {[%emt
00:00:05] [%clk 00:03:00]} Ra5 {[%emt 00:09:36] [%clk 00:22:46]} Rg8 {[%emt
00:01:28] [%clk 00:33:02]} Ra4+ {[%emt 00:00:32] [%clk 00:22:45]} Rg4 {[%emt
00:00:21] [%clk 00:33:11]} Ra6 {[%emt 00:00:20] [%clk 00:22:55]} Nf4 {[%emt
00:00:15] [%clk 00:33:26]} Kh7 {[%emt 00:00:51] [%clk 00:22:34]} Rg6 {[%emt
00:00:04] [%clk 00:33:51]} Rb6 {[%emt 00:00:34] [%clk 00:22:31]} Kg4 {[%emt
00:00:06] [%clk 00:34:14]} Ra6 {[%emt 00:00:13] [%clk 00:22:48]} h4 {[%emt
00:00:06] [%clk 00:34:38]} Rb6 {[%emt 00:00:11] [%clk 00:23:08]} h5 {[%emt
00:00:04] [%clk 00:35:03]} Ra6 {[%emt 00:00:41] [%clk 00:22:57]} Kf5 {[%emt
00:00:12] [%clk 00:35:20]} Ra5+ {[%emt 00:00:24] [%clk 00:23:03]} Kxf6 {[%emt
00:00:12] [%clk 00:35:38]} Rb5 {[%emt 00:00:06] [%clk 00:23:27]} Rg5 {[%emt
00:00:19] [%clk 00:35:49]} Rb4 {[%emt 00:00:14] [%clk 00:23:43]} Kf5 {[%emt
00:00:05] [%clk 00:36:14]} Rb1 {[%emt 00:00:05] [%clk 00:24:08]} Rg6 {[%emt
00:00:05] [%clk 00:36:38]} Rb5+ {[%emt 00:00:07] [%clk 00:24:32]} Kg4 {[%emt
00:00:08] [%clk 00:37:00]} Rb1 {[%emt 00:00:34]} Ra6 {[%clk 00:37:01]} Kg7
{[%emt 00:00:10] [%clk 00:25:17]} Ne6+ {[%emt 00:00:10] [%clk 00:37:21]} Kh8
{[%emt 00:00:23]} h6 {[%emt 00:00:09] [%clk 00:37:32]} Rg1+ {[%emt 00:01:09]
[%clk 00:24:55]} Kh5 {[%emt 00:00:22] [%clk 00:37:39]} Rg8 {[%emt 00:01:03]
[%clk 00:24:22]} Ng5 {[%emt 00:00:08] [%clk 00:38:02]} Rb8 {[%emt 00:00:13]
[%clk 00:24:40]} h7 {[%emt 00:00:15] [%clk 00:38:16]} Rc8 {[%emt 00:00:56] [%clk
00:24:14]} Rg6 {[%emt 00:00:05] [%clk 00:38:41]} Ra8 {[%emt 00:00:30] [%clk
00:24:15]} Kh6 {[%emt 00:00:08]} Rf8 {[%emt 00:00:04] [%clk 00:24:40]} Rg7
{[%emt 00:00:07]}

[Site "Europe Echecs"]